Relato de la vida y el carácter de Immanuel Kant
Uloženo v:
| Hlavní autor: | |
|---|---|
| Médium: | Kniha |
| Jazyk: | španělština |
| Vydáno: |
Madrid
Tecnos
1993
|
| Edice: | Colección Clásicos del Pensamiento, 98
|
| Témata: | |
| Tagy: |
Přidat tag
Žádné tagy, Buďte první, kdo vytvoří štítek k tomuto záznamu!
|
MARC
| LEADER | 00000nam a2200000 a 4500 | ||
|---|---|---|---|
| 001 | UCM3413 | ||
| 003 | CL-VaPUC | ||
| 008 | 020705e19930000SP |||||||||||||||||spa|d | ||
| 082 | 0 | 4 | |a 142.3 |b BOR |2 21 |
| 100 | 0 | |a Borowski, Ludwig Ernst |e author |9 470208 | |
| 245 | 1 | 0 | |a Relato de la vida y el carácter de Immanuel Kant |
| 300 | |a 152 p | ||
| 600 | 0 | |a Kant, Immanuel, |d 1724-1804 |9 858687 | |
| 942 | |c BK | ||
| 945 | |d 20020705 00:00:00 |a cmena | ||
| 260 | |a Madrid |b Tecnos |c 1993 | ||
| 650 | 0 | |a Kantismo |9 311003 | |
| 650 | 0 | |a Filosofía crítica |9 393212 | |
| 650 | 0 | |a Biografías |9 255210 | |
| 583 | |a last modification |c 20020705 00:00:00 |k Rodrigo Vera | ||
| 490 | 0 | |a Colección Clásicos del Pensamiento, 98 | |
| 999 | |c 300780 |d 300778 | ||
| 952 | |0 0 |1 0 |4 0 |6 142_300000000000000_BOR_1993 |7 0 |8 A |9 359053 |a BIBEDU |b BIBEDU |d 2019-11-21 |i 3812847 |l 1 |m 1 |o 142.3 BOR 1993 |p 3812847 |r 2023-06-14 |s 2023-06-05 |w 2019-11-21 |y BK |k FIL | ||